Estatísticas para Os 15 principais países afetados pela Covid-19 - 3 junho 2021

Clique aqui para jogar o quiz

Estatísticas Gerais

  • Esse quiz foi jogado 21 vezes
  • A pontuação média é 15 de 27

Estatísticas das Respostas

total
casos
aumento
diário
número por
milhão
país% Correto
16 803 47277 898Brasil
100%
34 174 75217 821102 691Estados Unidos
100%
2 423 928932México
94%
5 694 076
984887 056França
89%
3 884 44735 355Argentina
83%
3 693 0124388Espanha
83%
28 572 359133 228Índia
83%
4 225 1632482Itália
83%
5 099 1829500Rússia
83%
3 701 6902990Alemanha
72%
3 488 04625 966Colômbia
72%
4 499 8783165Reino Unido
67%
91 556Bélgica
44%
2 945 10010 687Irão
44%
90 021Israel
44%
2 874 092583Polônia
44%
106 031Suécia
44%
5 270 2997112Turquia
44%
96 507Países Baixos
39%
87 353Uruguai
33%
154 988Chéquia
28%
87 487Croácia
28%
97 870Estônia
22%
122 495Eslovénia
17%
87 136Geórgia
17%
102 543Lituânia
17%
140 499Bahrein
11%

Distribuição das Pontuações

Percentil de Números Respondidos

Porcentagem de Pessoas com Cada Pontuação

Sua Pontuação Histórica

Você não jogou esse quiz